| 000 | 02314aam a2200373 i 4500 | ||
|---|---|---|---|
| 001 | 768714001 | ||
| 003 | CO-MdFUSB | ||
| 005 | 20231109144111.0 | ||
| 007 | ta | ||
| 008 | 231030t20032003spaa||ag |||| 00| 0 spa d | ||
| 020 | _a8474550912 | ||
| 040 |
_aCO-MdFUSB _bspa _cCO-MdFUSB _dCO-MdFUSBC _erda |
||
| 041 | _aspa | ||
| 082 |
_223 _a282 _bD687 |
||
| 100 |
_aDonoso-Cortés, Juan, _eautor |
||
| 245 | 1 | 3 |
_aEnsayo sobre el catolicismo, el liberalismo y el socialismo _c/ Juan Donoso-Cortés ; editado por José Luis de Celis |
| 250 | _a1° edición | ||
| 264 | 1 |
_aSalamanca, España : _bAlmar, _c[2003] |
|
| 264 | 4 | _c©2003 | |
| 300 |
_a338 páginas _c; 23 cm |
||
| 336 |
_2rdacontent _atexto _btxt |
||
| 337 |
_2rdamedia _asin mediación _bn |
||
| 338 |
_2rdacarrier _avolumen _bnc |
||
| 490 | _aBiblioteca del pensamiento conservador | ||
| 504 | _aincluye índice | ||
| 505 |
_tLibro primero: Del catolicismo _aDe como en toda gran cuestión política va envuelta siempre un gran cuestión teológica -- De la sociedad bajo el imperio de la teología católica -- De la sociedad bajo el imperio de la iglesia católica -- Que nuestro señor Jesucristo ha triunfado del mundo exclusivamente por medios sobre naturales. |
||
| 505 |
_tLibro segundo: Problemas y soluciones relativas al orden en general _aDel libre albedrio del hombre -- Se da respuesta a algunas objeciones relativas a este dogma -- Maniqueísmo. Maniqueísmo proudhoniano y el de la libertad, sin caer en la teoría de la rivalidad entre Dios y el hombre -- De como Dios saca el bien de la prevaricación Angelica y de la humana -- Soluciones socialistas. |
||
| 505 |
_tLibro tercero: Problemas y soluciones relativas al orden en la humanidad _aTransmisión de la culpa, dogma de la imputación -- De como saca Dios el bien de la transmisión de la culpa y de la pena, y de la acción purificante del dolor libremente aceptado -- Dogmas correlativos al de la solidaridad; los sacrificios sangrientos; teorías de las escuelas racionalista acerca de la pena de muerte -- De la Encarnación del hijo del Dios y de la redención del género humano. |
||
| 563 | _aRústico. | ||
| 650 | 7 |
_2embne _97033 _aHistoria _xAspectos religiosos _xIglesia Católica |
|
| 700 |
_98887 _aCelis, José Luis de, _eeditor |
||
| 942 | _cBK | ||
| 945 | _asor1564 | ||
| 999 |
_c69225 _d69225 |
||